000 003340000a22001450004500
005 20120302065028.0
942 _cBOOK
100 _a Joshi, L.M.
245 _a Gayatri Mantra Sadhana ani Samarthya
260 _aPune:Raghuvanshi Prakashan.
300 _a126P
040 _aMar
365 _b45
650 _aGayatri Mantra, Sadhana
999 _c363711
_d363708